Számviteli folyamatok fejlesztése a Lean gondolkodásmód alkalmazásával

Bibliographic Details
Main Author: Tóth Eszter Ildikó
Other Authors: Sisa Dr Krisztina
Csoma Péter
Format: Thesis
Kulcsszavak:lean könyvvitel
Lean menedzsment
folyamatos fejlesztés
Online Access:http://dolgozattar.uni-bge.hu/22525

MARC

LEADER 00000nta a2200000 i 4500
001 dolg22525
005 20190516175836.0
008 190516suuuu hu om 000 hun d
040 |a BGE Dolgozattár Repozitórium  |b hun 
041 |a hu 
100 1 |a Tóth Eszter Ildikó 
245 1 0 |a Számviteli folyamatok fejlesztése a Lean gondolkodásmód alkalmazásával  |c Tóth Eszter Ildikó  |h [elektronikus dokumentum] 
695 |a lean könyvvitel 
695 |a Lean menedzsment 
695 |a folyamatos fejlesztés 
700 1 |a Sisa Dr Krisztina  |e ths 
700 1 |a Csoma Péter  |e ths 
856 4 0 |u http://dolgozattar.uni-bge.hu/22525/1/Szakdolgozat.pdf  |z Dokumentum-elérés